| 000 | 01368cam a2200349 a 4500 | ||
|---|---|---|---|
| 001 | 56950 | ||
| 003 | OSt | ||
| 005 | 20250902025612.0 | ||
| 008 | 920413s1992 nyu 000 1 eng d | ||
| 010 | _a98816394 | ||
| 020 | _a9780671744212 (pbk.) | ||
| 020 | _a0671744216 (pbk.) | ||
| 035 | _a(SKY)202710451 | ||
| 035 | _a(OCoLC)25640548 | ||
| 040 |
_aZZC _beng _erda _cZZC _dSVP _dUKM _dOCL _dOCLCQ _dBAKER _dBTCTA _dCoLwJCPL _dSKYRV _dCoLwJCPL _dSKYRV _dCOB |
||
| 043 | _ae-uk-st | ||
| 092 |
_aGarwood, _bJ. |
||
| 100 | 1 |
_aGarwood, Julie, _eauthor. |
|
| 245 | 1 | 4 |
_aThe secret / _cJulie Garwood. |
| 300 |
_a379 pages ; _c18 cm. |
||
| 490 | 1 |
_a[A Highlands' Lairds novel ; _vbk. 1] |
|
| 500 | _aIncludes preview of the author's Heartbreaker. | ||
| 500 | _a"... inspired Ransom"--Cover. | ||
| 500 | _aSeries added by cataloger. | ||
| 520 | _aProud, beautiful Judith Hampton journeys from her English home to meet the father she has never known. But even her escort, the powerful Laird Iain Maitland, cannot prepare Judith for the truth about her father--and the devastating secret that might change her life forever. | ||
| 651 | 0 |
_aHighlands (Scotland) _vFiction. |
|
| 651 | 0 |
_aScotland _xSocial life and customs _yTo 1603 _vFiction. |
|
| 655 | 7 |
_aFiction. _2lcgft. |
|
| 800 | 1 |
_aGarwood, Julie. _tHighlands' Lairds ; _vbk. 1. |
|
| 907 | _a.b144909716 | ||
| 942 | _cBK | ||
| 999 |
_c31092 _d31090 |
||